| 000 | 00815nam a22001937a 4500 | ||
|---|---|---|---|
| 999 |
_c5473 _d5473 |
||
| 003 | AR-CdUCM | ||
| 008 | 190312b ||||| |||| 00| 0 spa d | ||
| 040 |
_aMUNICIPALIDAD PROVINCIAL DEL CUSCO _cBIBLIOTECA MUNICIPAL DEL CUSCO |
||
| 082 |
_a917 / _bES92 |
||
| 245 |
_aEstampas de una democracia : _blos Estados Unidos de América / |
||
| 260 |
_aWashington : _bImpr. del Gobierno de los Estados Unidos, |
||
| 300 |
_a180 páginas ; _bilustraciones, fotografías, _c34 cm. |
||
| 505 | _aContenido: La tierra y sus pobladores -- Washington, capital de la nación -- La histórica nueva Inglaterra -- El este Metropolitano -- El valle industrial -- El Middle West ... | ||
| 650 |
_aEstados Unidos _91805 |
||
| 650 |
_aGeografía _9318 |
||
| 650 |
_aDescripciones y viajes _9497 |
||
| 942 |
_2ddc _cLIBROS |
||
| 945 | _aachl | ||